000 01689nam a2200325 a 4500
003 CO-PeBPR
005 20260426102946.0
008 260415e2024 ck a|||| n||| 00| 0 spa c
020 _a9786289559880
040 0 _aCO-PeBPR
_bspa
_cCO-PeBPR
_erda
041 0 _hspa
082 0 4 _a(i) Co863 Ll791d
100 1 _aLlinás Riascos, Rodolfo
_d1934
_eautor
245 1 0 _aLa dinosauria que veía solo la mitad del mundo
_c/ Rodolfo Llinás y Pablo Correa ; ilustraciones de Cristina León Rodríguez
250 _aEdición especial
264 1 _aBogotá, Colombia
_b: Ciencia Magnética
_c, 2024
300 _a31 páginas
_b: Ilustraciones a color
_c; 24 centímetros
336 _atexto
_btxt
_crdacontenido
337 _asin mediación
_bn
_2rdamedio
338 _avolumen
_bnc
_2rdasoporte
490 _aPlan Nacional de Lectura, Escritura y Oralidad / Ministerio de las Culturas, Las Artes y los Saberes.
520 _aJuliana, una dinosauria curiosa y amigable, a veces un poquito desordenada, olvidó el casco para montar bicicleta. Y tras sufrir un accidente, ocurrió algo muy raro: dejó de ver la mitad del mundo. Sólo usa un zapato. Sólo pinta la mitad de las cosas. Sólo se come la mitad de la comida, pera entender qué pasa con su cerebro va a necesitar la ayuda de un gliptodonte que estudió neurología... Tomado de la contracubierta del libro.
521 _aRecomendado para 7 a 12 años.
650 1 4 _2LEMB
_aCuentos infantiles colombianos
650 1 4 _2LEMB
_aLiteratura infantil colombiana
_ySiglo XX
650 1 4 _2LEMB
_aNeurociencias en la literatura
700 1 _aCorrea, Pablo
_eautor
700 1 _aLeón Rodríguez, Cristina
_eilustraciones
942 _2ddc
_cBKINF
999 _c17795
_d17795